Example-based regularization deployed to super-resolution reconstruction of a single image /
Spremljeno u:
| Glavni autor: | |
|---|---|
| Daljnji autori: | |
| Format: | Članak |
| Jezik: | English |
| Teme: | |
| Oznake: |
Dodaj oznaku
Bez oznaka, Budi prvi tko označuje ovaj zapis!
|
| Thư viện lưu trữ: | Thư viện Trường Đại học Đà Lạt |
|---|
| LEADER | 00938nam a2200313 4500 | ||
|---|---|---|---|
| 001 | DLU090098539 | ||
| 005 | ##20091201 | ||
| 040 | # | # | |a DLU |b eng |
| 041 | # | # | |a eng |
| 044 | # | # | |a uk |
| 100 | # | # | |a Elad, Michael. |
| 245 | # | # | |a Example-based regularization deployed to super-resolution reconstruction of a single image / |c Michael Elad, Dmitry Datsenko. |
| 653 | # | # | |a Bayesian reconstruction |
| 653 | # | # | |a Clustering |
| 653 | # | # | |a Example-based |
| 653 | # | # | |a Nearest neighbor |
| 653 | # | # | |a Regularization |
| 653 | # | # | |a Super-resolution |
| 700 | # | # | |a Datsenko, Dmitry. |
| 773 | # | # | |t The Computer Journal |g Vol. 52, no. 1 (February 2009), p. 15-30 |
| 920 | # | # | |a Phòng Tạp chí -- Trung tâm Thông tin - Thư viện Trường Đại học Đà Lạt |
| 994 | # | # | |a DLU |
| 900 | # | # | |a True |
| 911 | # | # | |a Trương Bảo Trâm Anh |
| 925 | # | # | |a G |
| 926 | # | # | |a A |
| 927 | # | # | |a BB |
| 980 | # | # | |a Thư viện Trường Đại học Đà Lạt |